How to live with a cat /

Bibliographic Details
Main Author: Gay, Margaret Cooper
Format: Book
Language:English
Published: New York, N.Y. : Simon and Schuster, [1946]
Subjects:

MARC

Tag First Indicator Second Indicator Subfields
LEADER 00000cam a2200000 a 4500
001 in00000072731
005 20151008054615.0
008 750429s1946 nyua 00110 engmu
010 |a agr46000314  
035 |a (OCoLC)01303926 
035 |9 AAJ1151AM 
040 |c TOL  |d TXA  |d UtOrBLW 
049 |a TXAM  |c [1406769] 
050 0 0 |a SF447  |b .G3 
082 0 |a 636.8 
090 |a SF447  |b .G3 1947 
100 1 |a Gay, Margaret Cooper. 
245 1 0 |a How to live with a cat /  |c by Margaret Cooper Gay, with forewords by Norman H. Johnson and Sydney H. Coleman ; illustrated by Roberta Macdonald. 
264 1 |a New York, N.Y. :  |b Simon and Schuster,  |c [1946] 
264 3 |c l947 printing 
264 4 |c ©1946 
300 |a  xiii, 267 pages :  |b illustrations ;  |c 21 cm. 
336 |a text  |b txt  |2 rdacontent 
337 |a unmediated  |b n  |2 rdamedia 
338 |a volume  |b nc  |2 rdacarrier 
500 |a Includes index. 
650 0 |a Cats. 
999 |a MARS 
999 f f |s 94124cd8-f6b0-35b8-aac4-fab53e3b39e6  |i 5d92d0d7-0aa6-3f0c-9277-59d186400c4d  |t 0 
952 f f |p ric  |a Texas A&M University  |b Rellis Campus  |c Joint Library Facility  |d Remote Storage  |t 0  |e SF447 .G3 1947  |h Library of Congress classification  |i unmediated -- volume  |m A14806238315 
998 f f |a SF447 .G3 1947  |t 0  |l Remote Storage